=LDR 00000nam 2200000 4500 =001 INLIS000000000001860 =005 20230810023106 =035 ##$$a 0010-0823000308 =007 ta =008 230810################g##########0#eng## =082 ##$$a 959.803 =084 ##$$a 959.803 LEG i =100 #$$a Legge.J.D =245 1#$$a Indonesia /$c Legge.J.D =250 ##$$a - =260 ##$$a Australia, Sidney :$b Prentice-Hall Of Australia Pty Ltd,$c 1980 =300 ##$$a 213 hlm : $b - ; $c 20,3 cm =520 ##$$a Indonesia Politics and Government =600 #4$$a INDONESIA =990 ##$$a B-1980-00020